000
00342nam a2200133Ia 4500
008
151213s9999 xx 000 0 und d
100
_a
Ridwan Ali
245
_a
Srilankas Rubber Industry
_c
Ridwan Ali
260
_a
Washington D. C
_b
The World Book
_c
1997
300
_a
1962 p.
650
_a
Reference
700
_a
Ridwan Ali
999
_c
1431
_d
1431